Fight Club the Novel Multiple Choice - Statistics

General Stats
  • This quiz has been taken 223 times
  • The average score is 12 of 15
Answer Stats
Question Answer % Correct
How does the Narrator first meet Marla? At various support groups for sick people
95%
What is the second rule of Fight Club? Don't talk about Fight Club
94%
Participating in fighting at Fight Club is always optional, except for whom? First-timers
94%
What condition does the Narrator suffer from? Insomnia
94%
Which of the following is NOT one of the rules of Fight Club? Combatants must shake hands before fighting
92%
What is the name of the cult created by Tyler that conducts vandalism and bombings in effort to "destroy society"? Project Mayhem
90%
What illness does Marla discover that she has, prompting the Narrator to take on a more nurturing role towards her? Breast cancer
85%
What images does Tyler very briefly splice into the films that he is paid to project for movie theaters? Pornography
84%
True or False? Tyler urges his followers to become very religious to an extremely orthodox belief that he created where he is God fulfilling a cleansing of the Earth False
81%
What actress portrays Marla in the David Fincher film adaptation of the novel? Helena Bonham-Carter
81%
What shape of scar does Tyler burn onto the back of each of his followers' hands? His kiss
71%
True or False? In Fight Club, fights are required to go on until someone goes limp or unconscious as tapping out is not allowed. False
68%
What corporate job does the Narrator work? Car recall assessor
65%
What is the penalty for anyone that attempts to shut down Fight Club? Castration
61%
Who's collagen does Tyler steal in order to make into fancy soap sold for profit? Marla's mother's
40%
No matching quizzes found
Score Distribution
Percent of People with Each Score
Percentile by Number Answered
Your Score History
You have not taken this quiz